00445nam a2200109Ia 4500008004100000100002400041245010600065260004900171300001700220650001900237856007900256160712s9999 xx 000 0 und d aNarboneta, Chelcie. cChelcie Narboneta,aImplementation of Multimodal Public Transportation Route Planner for Metro Manila c2015bJournal in Urban and Regional Planning avol. 2 no. 1 xURBAN PLANNING uhttp://journals.upd.edu.ph/index.php/19May2014_surp/issue/view/490/showToc